|
|
|
|
| LEADER |
01987nam a2200577 i 4500 |
| 001 |
nkc20233568159 |
| 003 |
CZ PrNK |
| 005 |
20240117181142.0 |
| 007 |
ta |
| 008 |
231117s2023 xr e f 000 0 cze |
| 015 |
|
|
|a cnb003568159
|
| 020 |
|
|
|a 978-80-7661-856-5
|q (vázáno) :
|c Kč 369,00
|
| 035 |
|
|
|a (OCoLC)1420606958
|
| 040 |
|
|
|a OLA001
|b cze
|d ABA001
|e rda
|
| 041 |
1 |
|
|a cze
|h eng
|
| 072 |
|
7 |
|a 808
|x Literární styl. Literární činnost a technika. Efektivní využívání jazyka. Spisovatelská činnost
|2 Konspekt
|9 11
|
| 080 |
|
|
|a 808.1
|2 MRF
|
| 080 |
|
|
|a 159.953.34
|2 MRF
|
| 080 |
|
|
|a 159.942
|2 MRF
|
| 080 |
|
|
|a 82:7.04
|2 MRF
|
| 080 |
|
|
|a (035)
|2 MRF
|
| 100 |
1 |
|
|a Sepetys, Ruta,
|d 1967-
|7 xx0164100
|4 aut
|
| 240 |
1 |
0 |
|a You.
|l Česky
|
| 245 |
1 |
0 |
|a Tvůj příběh :
|b o psaní, paměti a síle vzpomínek /
|c Ruta Sepetysová ; přeložil Petr Eliáš
|
| 250 |
|
|
|a 1. vydání
|
| 264 |
|
1 |
|a V Praze :
|b CooBoo,
|c 2023
|
| 300 |
|
|
|a 223 stran ;
|c 21 cm
|
| 336 |
|
|
|a text
|b txt
|2 rdacontent
|
| 337 |
|
|
|a bez média
|b n
|2 rdamedia
|
| 338 |
|
|
|a svazek
|b nc
|2 rdacarrier
|
| 500 |
|
|
|a Přeloženo z angličtiny
|
| 504 |
|
|
|a Obsahuje bibliografii
|
| 650 |
0 |
7 |
|a tvůrčí psaní
|7 ph126817
|2 czenas
|
| 650 |
0 |
7 |
|a literární tvorba
|7 ph117227
|2 czenas
|
| 650 |
0 |
7 |
|a vzpomínky
|7 ph524440
|2 czenas
|
| 650 |
0 |
7 |
|a emoce
|7 ph114465
|2 czenas
|
| 650 |
0 |
7 |
|a literární náměty
|7 ph138213
|2 czenas
|
| 650 |
0 |
9 |
|a creative writing
|2 eczenas
|
| 650 |
0 |
9 |
|a literary creation
|2 eczenas
|
| 650 |
0 |
9 |
|a recalls
|2 eczenas
|
| 650 |
0 |
9 |
|a emotions
|2 eczenas
|
| 650 |
0 |
9 |
|a literary themes
|2 eczenas
|
| 655 |
|
7 |
|a příručky
|7 fd133209
|2 czenas
|
| 655 |
|
9 |
|a handbooks and manuals
|2 eczenas
|
| 700 |
1 |
|
|a Eliáš, Petr,
|d 1986-
|7 xx0079819
|4 trl
|
| 910 |
2 |
|
|a BOA001
|b 2-1517.373
|
| 928 |
9 |
|
|a Albatros Media - CooBoo
|
| 990 |
|
|
|a BK
|
| 995 |
|
|
|a 01
|
| 991 |
|
|
|b 202312
|c NOV
|
| 996 |
6 |
|
|b 2610954707
|c 2-1517.373
|l MZK
|r Sklad / do 1 hodiny
|n 0
|p p.v.
|w 001947252
|u 000010
|a 1
|e BOA001
|j MZK50
|s P
|